skbl

Dr Suryya Kumar Bhuyan Library Web-OPAC
ডঃ সূৰ্য্য
কুমাৰ ভূঞা পুথিভঁৰাল ৱেব-অ'পেক

All Research Scholars are advised to clear the annual library fees to continue using Library Resources, Remote Access, Plagiarism Test and Library Clearance.

Cotton University Book Fair 2026

Bhabendra Nath Saikiar Natya Sambhar (Record no. 66548)

MARC details
000 -LEADER
fixed length control field 00560nam a2200193Ia 4500
001 - CONTROL NUMBER
control field 65448
008 - FIXED-LENGTH DATA ELEMENTS--GENERAL INFORMATION
fixed length control field 220608n ii |||gr||||Z||||||asm
082 ## - DEWEY DECIMAL CLASSIFICATION NUMBER
Classification number 891.41
100 ## - MAIN ENTRY--PERSONAL NAME
Personal name Saikiya, Bhabendra Nath.
245 #0 - TITLE STATEMENT
Title Bhabendra Nath Saikiar Natya Sambhar
Statement of responsibility, etc. By Bhabendra Nath Saikiya
Medium Textual Documents
250 ## - EDITION STATEMENT
Edition statement 2nd edn.
260 ## - PUBLICATION, DISTRIBUTION, ETC.
Place of publication, distribution, etc. Assam
Name of publisher, distributor, etc. Jyoti Prakashan
300 ## - PHYSICAL DESCRIPTION
Extent 1079pg:
Dimensions 30cm.
653 ## - INDEX TERM--UNCONTROLLED
Uncontrolled term Assamese
653 ## - INDEX TERM--UNCONTROLLED
Uncontrolled term Bhabendra Nath Saikiar Natya Sambhar
653 ## - INDEX TERM--UNCONTROLLED
Uncontrolled term Reference Section
856 ## - ELECTRONIC LOCATION AND ACCESS
Uniform Resource Identifier <a href="Published By Nagen Sarmah">Published By Nagen Sarmah</a>
942 ## - ADDED ENTRY ELEMENTS (KOHA)
Source of classification or shelving scheme Dewey Decimal Classification
Koha item type Books
Holdings
Withdrawn status Lost status Damaged status Not for loan Collection Home library Current library Shelving location Date acquired Coded location qualifier Cost, normal purchase price Total checkouts Full call number Barcode Date last seen Copy number Price effective from Koha item type
          Dr. Suryya Kumar Bhuyan Library Dr. Suryya Kumar Bhuyan Library   08/06/2022 00000 700.00   891.41 Sa 11 Bh 3371/cu/ass 14/01/2024 1 08/06/2022 Books

Designed and Maintained by Team SKBL
©1901-2026

Powered by Koha